Lectures on the electrical properties of materials/ (Record no. 11951)

MARC details
000 -LEADER
fixed length control field 00937cam a22002651 4500
001 - CONTROL NUMBER
control field 799671
005 - DATE AND TIME OF LATEST TRANSACTION
control field 20090311185816.0
008 - FIXED-LENGTH DATA ELEMENTS--GENERAL INFORMATION
fixed length control field 740606s1970 enkaf 001 0 eng
010 ## - LIBRARY OF CONGRESS CONTROL NUMBER
LC control number 75017395
015 ## - NATIONAL BIBLIOGRAPHY NUMBER
National bibliography number B70-21718
040 ## - CATALOGING SOURCE
Original cataloging agency DLC
Transcribing agency DLC
Modifying agency DLC
050 00 - LIBRARY OF CONGRESS CALL NUMBER
Classification number QC176.8.E35
Item number S64
082 00 - DEWEY DECIMAL CLASSIFICATION NUMBER
Classification number 620.11297
Edition number 22
Item number WAL
100 1# - MAIN ENTRY--PERSONAL NAME
Personal name Solymar, L.
Fuller form of name (Laszlo)
9 (RLIN) 6649
245 10 - TITLE STATEMENT
Title Lectures on the electrical properties of materials/
Statement of responsibility, etc by L. Solymar & D. Walsh.
260 ## - PUBLICATION, DISTRIBUTION, ETC. (IMPRINT)
Place of publication, distribution, etc Oxford:
Name of publisher, distributor, etc Clarendon,
Date of publication, distribution, etc 1970.
300 ## - PHYSICAL DESCRIPTION
Extent xiv, 350 p.:
Other physical details ill. ;
Dimensions 25 cm.
350 ## - PRICE (NR) (BK AM CF MU VM SE) [OBSOLETE]
Price 80/-
650 #0 - SUBJECT ADDED ENTRY--TOPICAL TERM
Topical term or geographic name as entry element Solids
General subdivision Electric properties.
9 (RLIN) 6650
650 #0 - SUBJECT ADDED ENTRY--TOPICAL TERM
Topical term or geographic name as entry element Electrical engineering
General subdivision Materials.
9 (RLIN) 6651
650 #0 - SUBJECT ADDED ENTRY--TOPICAL TERM
Topical term or geographic name as entry element Quantum theory.
9 (RLIN) 6652
700 1# - ADDED ENTRY--PERSONAL NAME
Personal name Walsh, D.
Fuller form of name (Donald),
Relator term joint author.
9 (RLIN) 6653
942 ## - ADDED ENTRY ELEMENTS (KOHA)
Source of classification or shelving scheme Dewey Decimal Classification
Item type Book - Borrowing
Holdings
Withdrawn status Item status Source of classification or shelving scheme Damaged status Not for loan Vendor Home library Current library Shelving location Date acquired Source of acquisition Cost, normal purchase price Total Checkouts Total Renewals Full call number Barcode Date last seen Date last borrowed Koha item type
    Dewey Decimal Classification     Alef-Baa Central Library Central Library First floor 23/06/2009   150.00 1 75 620.11297 WAL 000017010 15/07/2025 16/07/2017 Book - Borrowing